Hard M Authors (part 2) Quiz Stats

Quiz not verified by Sporcle

Challenge
Share
Tweet
Embed
Score 0/62 Timer 20:00
0 Plays Today
Works Author % Correct
Le Morte d'ArthurThomas Malory
91.7%
A View from the Bridge; All My SonsArthur Miller
88.9%
Coming of Age in SamoaMargaret Mead
88.6%
Spoon River AnthologyEdgar Lee Masters
86.1%
The Thousand Autumns of Jacob de Zoet; number9dream; Cloud AtlasDavid Mitchell
75%
Bring Up the Bodies; Wolf HallHilary Mantel
75%
On Chesil Beach; AmsterdamIan McEwan
72.2%
The Doctor in Spite of Himself; The Bourgeois GentlemanMolière
69.4%
Coral Gardens and Their Magic; Sex and Repression in Savage SocietyBronisław Malinowski
65.7%
Desolación; Sonetos de la muerteGabriela Mistral
60%
The Power Elite; White Collar: The American Middle ClassesC. Wright Mills
58.6%
The Dependence Between the Properties of the Atomic Weights of the Elements (introduced the periodic table)Dmitri Mendeleev
58.6%
Belfagor Arcidiavolo; The Mandrake (La Mandragola)Niccolo Machiavelli
58.3%
The Gift; A General Theory of Magic (with Henri Hubert)Marcel Mauss
45.7%
Such a Long Journey; Tales from Firozsha Baag; A Fine BalanceRohinton Mistry
41.7%
How Long Is the Coast of Britain? Statistical Self-Similarity and Fractional DimensionBenoît Mandelbrot
41.4%
John Adams; TrumanDavid McCullough
38.9%
De Untertan; Professor UnratHeinrich Mann
38.9%
The Malcontent; Eastward Ho (with George Chapman and Ben Jonson)John Marston
38.9%
Perikeiromene; The Grouch; proponent of Greek New Comedy; rival of PhilemonMenander
38.9%
Zen and the Birds of Appetite; The Seven Storey Mountain; Trappist authorThomas Merton
36.1%
Banana Bottom; 'If We Must Die'; Home to HarlemClaude McKay
36.1%
A Theory of Human MotivationAbraham Maslow
34.5%
On the Jewish QuestionKarl Marx
34.5%
History of Rome; second winner of Nobel Prize in LiteratureTheodor Mommsen
33.3%
Frankie and Johnny in the Clair de Lune; Corpus Christi; Love! Valour! Compassion!; Master ClassTerrence McNally
33.3%
House Made of DawnN. Scott Momaday
33.3%
Max HavelaarMultatuli
33.3%
The Emperor of All Maladies: A Biography of CancerSiddhartha Mukherjee
27.8%
Bright Lights, Big CityJay McInerney
27.8%
In the HeightsLin-Manuel Miranda
25%
Works Author % Correct
Remembering BabylonDavid Malouf
25%
Lamb: The Gospel According to Biff, Christ's Childhood Pal; The Stupidest AngelChristopher Moore
22.2%
Cities of SaltAbdul Rahman Munif
22.2%
'The Bedbug'; Mystery-BouffeVladimir Mayakovsky
22.2%
The Naked ApeDesmond Morris
20%
Annals of the Former WorldJohn McPhee
19.4%
Magnalia Christi AmericanaCotton Mather
19.4%
A Proposal for the Dartmouth Summer Research Project on Artificial Intelligence (with Minsky, Rochester, and Shannon)John McCarthy
17.2%
Crisis in the Population QuestionGunnar and Alva Myrdal
17.2%
'For the Anniversary of My Death'; The Lice; A Mask for Janus; translated poems by NerudaW. S. Merwin
16.7%
The Late George Apley; Jerry asks Peter if his favorite authors are Charles Baudelaire and this guy in Albee's 'The Zoo Story'J. P. Marquand
16.7%
The Rise of Theodore Roosevelt; Dutch: A Memoir of Ronald ReaganEdmund Morris
16.7%
Lou Tresor dóu Félibrige; MirèioFrédéric Mistral
14.3%
The Adventures and Misadventures of MaqrollAlvaro Mutis
13.9%
Red AzaleaAnchee Min
13.9%
The GolemGustav Meyrink
13.9%
Wittgenstein's MistressDavid Markson
11.1%
Lost LaysenMargaret Mitchell
11.1%
Ways of Dying; The Heart of RednessZakes Mda
11.1%
Fortunes of War: The Balkan TrilogyOlivia Manning
11.1%
Hedwig and the Angry InchJohn Cameron Mitchell
11.1%
Beatrice and VirgilYann Martel
11.1%
That Championship SeasonJason Miller
11.1%
Notable American Women; The Flame AlphabetBen Marcus
8.3%
Children of a Lesser God; When You Comin' Back, Red Ryder?Mark Medoff
8.3%
Probabilistic Encryption (with Shafi Goldwasser); Randomness versus Hardness (thesis, under Manuel Blum)Silvio Micali
6.9%
God: A BiographyJack Miles
5.6%
John Paul Jones: A Sailor's Biography; Admiral of the Ocean Sea: The Life of Christopher Columbus; Samuel Eliot Morison
5.6%
In the Country of Men; Anatomy of a DisappearanceHisham Matar
2.8%
The Princess and the Goblin; PhantastesGeorge MacDonald
2.8%
The Maiden's Consent; Saint or MadmanLeandro de Moratin
0%

You're not logged in!

Compare scores with friends on all Sporcle quizzes.
Join for Free
OR
Log In

You Might Also Like...

Show Comments

Extras

Top Quizzes Today


Score Distribution

Your Account Isn't Verified!

In order to create a playlist on Sporcle, you need to verify the email address you used during registration. Go to your Sporcle Settings to finish the process.

Report this User

Report this user for behavior that violates our Community Guidelines.

Details: